000 00870nam a22002417a 4500
999 _c8230
_d8230
003 AR-CdUCM
008 190322b ||||| |||| 00| 0 spa d
020 _a84-211-0310-5
040 _aMUNICIPALIDAD PROVINCIAL DEL CUSCO
_cBIBLIOTECA MUNICIPAL DEL CUSCO
041 _heng
082 _a338.09 /
_bIL39
100 _aIllich, Ivan
_923171
245 _aLa Convivencialidad /
260 _aBarcelona :
_bBarral Editores ;
_c1974.
300 _a148 páginas ;
_c20cm
440 _aBreve Biblioteca de Respuesta
_n110
_923172
505 _aContenido: La reconstrucción convivencial -- El equilibrio múltiple -- Los obstáculos y las condiciones de la inversión política -- La inversión política
650 _aPolítica
_9291
650 _aConvivencialidad
_923173
700 _aGossmans, Matea P. (traducción)
_923174
942 _2ddc
_cLIBROS
945 _anom